Literature Quiz

Random Literature or War Quiz

'Dulce et Decorum Est' Quiz Stats

 Plays Quiz Updated Feb 18, 2015

Also try: In Flanders Fields
Challenge
Share
Tweet
Embed
Score 0/220 Timer 10:00
0 Plays Today
% Correct
the
89.9%
the
89.9%
the
89.9%
the
89.9%
the
89.9%
the
89.9%
the
89.9%
the
89.9%
The
89.9%
a
89.1%
a
89.1%
a
89.1%
'Dulce
86.1%
Decorum
85.5%
Est,
84.9%
et
84.9%
I
82.5%
And
77%
and
77%
And
77%
and
77%
And
77%
An
70.1%
in
66.8%
in
66.8%
In
66.8%
in
66.8%
in,
66.8%
in
66.8%
to
66.6%
to
66.6%
To
66.6%
we
66.2%
we
66.2%
we
66.2%
Pro
63.3%
you
63.2%
you
63.2%
you
63.2%
old
62.9%
Old
62.9%
Patria
62.1%
Of
61.9%
of
61.9%
of
61.9%
Of
61.9%
on
61.8%
on,
61.8%
on
61.8%
Mori.'
61.1%
He
60.7%
me,
58.7%
Gas!
56.7%
Gas!
56.7%
Lie;
56%
for
55.9%
like
51.8%
like
51.8%
like
51.8%
like
51.8%
boys!
49.1%
If
49%
If
49%
not
48.8%
As
48.2%
as
48.2%
as
48.2%
Men
48%
that
47.7%
that
47.7%
my
46.8%
my
46.8%
My
46.8%
with
46.5%
% Correct
with
46.5%
man
45.3%
under
45.2%
under
45.2%
Bent
45%
Quick,
44.1%
some
43.9%
some
43.9%
him
43.6%
him
43.6%
double
43.6%
would
43.4%
But
42.7%
But
42.7%
All
42.7%
all
42.7%
all
42.7%
could
42.1%
could
42.1%
our
41.8%
our
41.8%
beggars
41.2%
his
40.5%
His
40.5%
his
40.5%
at
39.7%
at
39.7%
sacks,
39.4%
their
39%
was
38.7%
green
38.4%
green
38.4%
or
37.9%
tell
37.9%
fumbling,
37.7%
blood
37.6%
time,
37.4%
had
37.3%
too
36.6%
from
36.5%
through
36.3%
through
36.3%
glory,
36.3%
hags,
36.3%
coughing
35.8%
eyes
35.6%
children
35.1%
out
34.9%
drowning.
34.4%
drowning.
34.4%
saw
33.9%
ecstasy
33.8%
trudge.
33.7%
hear,
33.1%
sea,
32.5%
friend,
32.4%
boots
32.2%
just
32.2%
dreams,
31.8%
dreams
31.8%
such
31.8%
face,
31.7%
face,
31.7%
marched
31.6%
Knock-kneed,
30.9%
went
30.6%
sludge,
30.6%
behind.
30.4%
Behind
30.4%
desperate
29.7%
ardent
29.7%
lost
29.7%
fire
29.6%
wagon
29.3%
% Correct
zest
28.9%
rest
28.7%
lungs,
28.7%
sin;
28.6%
high
28%
helmets
27.9%
Many
27.9%
blind;
27.7%
still
27.7%
distant
27.6%
backs
27.6%
Come
27.5%
towards
27.4%
choking,
27.2%
lime
27%
even
26.8%
asleep.
26.7%
cursed
26.6%
sick
26.4%
deaf
26.2%
clumsy
26.1%
white
26%
Fitting
26%
turned
25.9%
flung
25.6%
someone
25.1%
every
25.1%
blood-shod.
25%
devil's
24.8%
flares
24.5%
began
24.4%
light,
24.1%
Till
24.1%
lame,
23.8%
guttering,
23.5%
cancer,
23.4%
before
23.1%
limped
23.1%
haunting
22.8%
Five-Nines
22.8%
stumbling,
22.6%
cud
22.5%
Drunk
22.5%
fatigue;
22.4%
hoots
22.4%
froth-corrupted
21.8%
watch
21.6%
bitter
21.6%
panes
21.2%
hanging
21.2%
flound'ring
21%
misty
21%
sight,
20.9%
yelling
20.9%
writhing
20.8%
tired,
20.6%
vile,
20.5%
pace
20.3%
tongues,
20.3%
sores
20.2%
innocent
20.1%
gargling
19.6%
dropped
19.3%
plunges
19.3%
thick
19.3%
helpless
18.7%
jolt,
18.3%
Obscene
18.2%
Dim,
18.2%
incurable
18.1%
outstripped
18%
smothering
17.3%

You're not logged in!

Compare scores with friends on all Sporcle quizzes.
OR
Log In

You Might Also Like...

Show Comments

Extras

Top Quizzes Today


Score Distribution

Your Account Isn't Verified!

In order to create a playlist on Sporcle, you need to verify the email address you used during registration. Go to your Sporcle Settings to finish the process.

Report this User

Report this user for behavior that violates our Community Guidelines.

Details: